00000000nam##2200000za#4500
0019.651203
003CaOODSP
00520210929082800
007ta
008150407|2005||||xxc|||||     f|0| 0 eng|d
020 |a0-9737807-2-X
040 |aCaOODSP|beng
043 |an-cn---
0861 |aFo4-14/7-2005E
1101 |aCanada. |bNatural Resources Canada. |bCanadian Forest Service.
24514|aThe boreal forest : |ba global legacy / |c[Published by] Canadian Forestry Association.
2463 |aTeaching kit. Volume 7, The boreal forest
260 |aOttawa - Ontario : |bNatural Resources Canada. |cc2005.
300 |a48p. : |bglossary, illus., maps, photographs ; |c28 cm. + |eA bilingual full-colour poster under title: Canada's boreal forest.
500 |aTo order free copies of the CFA Teaching Kit series, please visit the website at the URL indicated below.
5203 |aProvides educators with the tools to help young people better understand the value of forests and the importance of protecting and conserving them.
563 |aSoftcover
590 |a08-19|b2008-05-09
77508|tLa forêt boréale : |w(CaOODSP)9.684247
7760#|tThe boreal forest : |w(CaOODSP)9.696803